000 00775nam a22001817a 4500
005 20120208115436.0
020 _a8186895299
_c90.00
082 _a
100 _aकेथी स्पेगनली
_941725
245 _aएक दिन प्रिया का /
_cकेथी स्पेगनली
260 _aचैन्नई
_bतूलिका पब्लिशर्स
_c2007
270 _a13 पृथ्वी ऐवन्यु, अभिरमपुरम
_bचैन्नई
_e600018
300 _aअ.पृ.
_bसचित्र
_c18सेमी (अजिल्द)
700 _941133
700 _941134
942 _2ddc
_cCH
_h
_mकेथीस्पे
999 _c62234
_d62234